[Event "POL-chT2 South"]
[Site "Ustron"]
[Date "2001.09.??"]
[Round "?"]
[White "Heberla, Bartlomiej"]
[Black "Sefeld, Marian"]
[Result "1/2-1/2"]
[WhiteElo "2384"]
[BlackElo "2191"]
[PlyCount "57"]
[EventDate "2001.09.14"]
[EventType "team-swiss"]
[EventRounds "10"]
[EventCountry "POL"]
[SourceTitle "EXT 2019"]
[Source "ChessBase"]
[SourceDate "2018.10.10"]
[SourceVersion "1"]
[SourceVersionDate "2018.10.10"]
[SourceQuality "1"]
[WhiteTeam "Rybnik MKSz"]
[WhiteTeamCountry "POL"]

1. d4 Nf6 2. Nc3 d5 3. Bg5 Bf5 4. f3 h6 5. Bh4 Nc6 6. e3 Qd7 7. Bb5 e6 8. e4 dxe4 9. Bxf6 exf3 10. Qxf3 gxf6 11. 0-0-0 Bd6 12. g4 Bg6 13. d5 exd5 14. Qxf6 0-0 15. Nxd5 Qe6 16. Qf2 Be5 17. Nf3 Bg7 18. Rhe1 Qxg4 19. Rg1 Qe6 20. Rge1 Qg4 21. Rg1 Qe6 22. Qg3 Rad8 23. Bc4 Kh8 24. Nh4 Rd6 25. Nf4 Qxc4 26. Nfxg6+ Rxg6 27. Nxg6+ fxg6 28. Qxg6 Qf4+ 29. Kb1 1/2-1/2

[Event "POL-chT2 South"]
[Site "Ustron"]
[Date "2001.09.??"]
[Round "?"]
[White "Sefeld, Marian"]
[Black "Markiewicz, Jacek"]
[Result "1/2-1/2"]
[WhiteElo "2191"]
[BlackElo "2245"]
[PlyCount "51"]
[EventDate "2001.09.14"]
[EventType "team-swiss"]
[EventRounds "10"]
[EventCountry "POL"]
[SourceTitle "EXT 2019"]
[Source "ChessBase"]
[SourceDate "2018.10.10"]
[SourceVersion "1"]
[SourceVersionDate "2018.10.10"]
[SourceQuality "1"]

1. e4 c5 2. Nf3 e6 3. d4 cxd4 4. Nxd4 Nf6 5. Bd3 d5 6. exd5 Nxd5 7. 0-0 Be7 8. c3 Nd7 9. Qg4 Bf6 10. Re1 a6 11. Qh5 Kf8 12. Bc4 N7b6 13. Bb3 h6 14. a4 a5 15. Na3 g6 16. Qf3 Kg7 17. Be3 h5 18. Rad1 Qc7 19. Nab5 Qb8 20. Bc1 e5 21. Ne2 Bg4 22. Qg3 Be6 23. Qf3 Bg4 24. Qg3 Be6 25. Qf3 Bg4 26. Qg3 1/2-1/2

[Event "POL-chT2 South"]
[Site "Ustron"]
[Date "2001.09.??"]
[Round "?"]
[White "Sefeld, Marian"]
[Black "Tomczyk, Marian"]
[Result "1-0"]
[WhiteElo "2191"]
[BlackElo "2173"]
[PlyCount "88"]
[EventDate "2001.09.14"]
[EventType "team-swiss"]
[EventRounds "10"]
[EventCountry "POL"]
[SourceTitle "EXT 2019"]
[Source "ChessBase"]
[SourceDate "2018.10.10"]
[SourceVersion "1"]
[SourceVersionDate "2018.10.10"]
[SourceQuality "1"]

1. e4 e5 2. Nf3 Nc6 3. Bc4 Nf6 4. d4 exd4 5. 0-0 Nxe4 6. Re1 d5 7. Bxd5 Qxd5 8. Nc3 Qh5 9. Nxe4 Be6 10. Bg5 h6 11. Bf6 Qg6 12. Bh4 Qh5 13. Bf6 Qg6 14. Bh4 Qh5 15. Qd3 a6 16. Bf6 Qg6 17. Bh4 Qh5 18. Rad1 Be7 19. Bxe7 Nxe7 20. Nxd4 0-0-0 21. Ng3 Qa5 22. Qe4 Rd6 23. a3 Rhd8 24. b4 Qb6 25. c3 Nc6 26. Nge2 Nxd4 27. Nxd4 c5 28. bxc5 Qxc5 29. Qf3 Qxa3 30. Rb1 R6d7 31. Qg3 g5 32. Nc6 Rc7 33. Nxd8 Kxd8 34. Re3 Kc8 35. h3 Qc5 36. Rd1 Re7 37. Re5 Qb6 38. Qf3 Re8 39. Qd3 Qc7 40. Qe3 Kb8 41. Rc5 Qe7 42. Qe5+ Ka8 43. Rc7 Qa3 44. Qe4 Bd7 1-0